Acoustics and Fluid-Structure Interaction a Revision 5.0. Tutorial /

Na minha lista:
Detalhes bibliográficos
Autor principal: Woyak, David B (Author)
Formato: Livro
Idioma:inglês
Publicado em: Houston : SASI, 1992
Tags: Adicionar Tag
Sem tags, seja o primeiro a adicionar uma tag!

MARC

LEADER 00000nam a22000003a 4500
001 stu31558
005 20150617225736.7
008 940209s1992----xxu-----------------eng-d
040 |a STU  |b slo 
041 0 |a eng 
044 |a xxu 
080 |a 681.3.06 
100 1 |a Woyak, David B  |4 aut 
245 1 |a Acoustics and Fluid-Structure Interaction a Revision 5.0. Tutorial /  |c [aut.] Woyak,David B 
260 |a Houston :  |b SASI,  |c 1992 
300 |a 204 s 
996 |b J90378  |c J*90378  |l JJK10  |s P  |a 0  |w stu31558_0001